Detalles MARC
| 000 -LIDER |
| fixed length control field |
01362nam a2200313 a 4500 |
| 001 - NÚMERO DE CONTROL |
| Identificador de número de control |
000007137 |
| 003 - IDENTIFICACDOR DE NÚMERO DE CONTROL |
| control field |
DO-SdBNP |
| 005 - DATE AND TIME OF LATEST TRANSACTION |
| control field |
20240425125855.0 |
| 007 - CAMPOS FIJOS DE DESCRIPCIÓN FÍSICA |
| fixed length control field |
000007137 |
| 008 - ELEMENTOS DE LONGITUD FIJA |
| fixed length control field |
090717s2017 mx 001 0 spa d |
| 020 ## - ISBN |
| Canceled/invalid ISBN |
9786071649065 |
| 040 ## - FUENTE DE CATALOGACIÓN |
| Agencia que crea de manera original el registro |
BPMSU |
| Idioma de catalogación |
spa |
| Agencia que realiza la transcripción |
BPMSU |
| 082 #4 - NÚMERO DE CLASIFICACIÓN DECIMAL DE DEWEY |
| Classification number |
923.20972 |
| Item number |
T693m 2017 |
| Edition number |
22 |
| 100 1# - ASIENTO PRINCIPAL -- NOMBRE PERSONAL |
| Nombre personal |
Torres Bodet, Jaime |
| Fechas asociadas con el nombre |
1902-1974. |
| 245 10 - MENCIÓN DE TITULO |
| Título |
Memorias / |
| Mención de responsabilidad |
Jaime Torres Bodet. |
| Subtítulo |
|
| 260 ## - PUBLICACIÓN, DISTRIBUCIÓN, ETC. (PIE DE IMPRENTA) |
| Lugar de publicación, distribución, etc |
México : |
| Nombre del editor, distribuidor, etc. |
Fondo de Cultura Económica ; |
| Fecha de publicación, distribución, etc |
2017 |
| Nombre del editor, distribuidor, etc. |
|
| 300 ## - DESCRIPCIÓN FÍSICA |
| Extensión |
2 volúmenes ; |
| Dimensiones |
23 cm. |
| 490 0# - MENCIÓN DE SERIES |
| Mención de serie |
Vida y pensamiento de México |
| 500 ## - NOTA GENERAL |
| Nota general |
Incluye datos biográficos del autor en la solapa de la cubierta |
| 504 ## - NOTA DE BIBLIOGRAFÍA, ETC. |
| Bibliography, etc |
Incluye referencias bibliográficas y notas al pie de las páginas |
| 505 0# - NOTA DE CONTENIDO |
| Texto normalizado de contenido |
v.1. Tiempo de arena -- Años contra el tiempo -- La victoria sin alas. - v.2. El desierto internacional -- La tierra prometida -- Equinoccio. |
| 534 ## - NOTA SOBRE LA VERSIÓN ORIGINAL |
| Frase introductoria |
Título original : |
| Mención del título original |
The nahuas after the conquest. A social and cultural history of the indians of central Mexico, sixteenth through eighteenth centuries. |
| 590 ## - NOTA LOCAL |
| Texto de la nota local |
Inventariado, 2024/VM |
| 600 14 - ENCABEZAMIENTO DE MATERIA--NOMBRE PERSONAL |
| Nombre personal |
Torres Bodet, Jaime, |
| Fechas asociadas con el nombre |
1902-1974 |
| Subdivisión temática general |
Pensamiento educativo |
| 600 14 - ENCABEZAMIENTO DE MATERIA--NOMBRE PERSONAL |
| Nombre personal |
Torres Bodet, Jaime, |
| Fechas asociadas con el nombre |
1902-1974 |
| Subdivisión temática general |
Niñez y juventud |
| 710 2# - ASIENTO SECUNDARIO -- NOMBRE CORPORATIVO |
| Nombre corporativo o de jurisdicción |
Fondo de Cultura Económica (México) |
| 910 ## - VALIDACIÓN |
| Validación |
VMateo V. Control de calidad BPMSU |
| 942 ## - ADDED ENTRY ELEMENTS (KOHA) |
| Source of classification or shelving scheme |
Dewey Decimal Classification |
| Koha item type |
Libros |